000 00554nam a2200193Ia 4500
003 GCL
008 140319s9999 xx 000 0 eng d
040 _aGCL /
_cGCL
082 0 4 _a304.6
_bZ E
100 1 _aFATMA EL-ZANANTY
245 1 0 _aEGYPT DEMOGRAPHIC AND HEALTH SURVEY 1995 /
_cFATMA EL-ZANANTY
700 1 _aENAS M . HUSSEIN
260 _aالقاهرة :
_bNATIONAL POPULATION COUNCIL ،
_c1996
300 _a28 CM ؛
_cMULTI
650 0 4 _aPOPULATION - STATISTICS
650 0 4 _aSOCIOLOGY
650 0 4 _aEGYPT - POPULATION
942 _2ddc
_cBK
999 _c16373
_d16373